000 00468cam a2200193ua 4500
001 7628
008 141218n ii |||gr||||Z||||||ben
040 _cMAIN
041 _aben
082 _a891.443
100 _aMukherjee, A.,
_eAuthor.
245 1 _aAr ek saje
_cBy Asutosh Mukherjee
250 _a1st.
260 _aKolkatta:
_bSahityam,
_c1984.
300 _a188p.
653 _aEast Indo-European & Celtic literatures
653 _aBengali novels
942 _cBK
999 _c6750
_d6750